[Event "54smm A Naturns-Richter/Lask"]
[Site "?"]
[Date "2022.11.05"]
[Round "1.5"]
[White "Buglisi, Massimo"]
[Black "Naegele, Norbert"]
[Result "1/2-1/2"]
[WhiteElo "1909"]
[BlackElo "1819"]
[PlyCount "143"]
[EventDate "2022.11.05"]

{[%evp 0,143,29,18,46,7,7,-51,43,13,29,-10,-9,-58,7,-20,19,-28,33,49,49,49,49,
40,53,49,60,17,35,25,40,25,22,6,31,27,32,32,73,73,86,45, 73,63,57,57,57,63,57,
59,55,54,55,55,54,43,54,48,54,45,49,34,45,50,54,39,55,32,33,31,32,27,31,31,31,
25,28,23,31,23,45,45,44,44,4 6,43,53,58,52,58,58,59,44,9,21,5,20,5,0,0,244,18,
12,-31,0,0,0,0,0,0,0,0,0,0,0,0,0,0,0,0,0,0,0,-45,-16,-74,-71,-82,-59,-21,-49,-
80,0,0,0,-21,0,0,0,0,0,0,0,0,0,0]} 1. e4 e6 2. d3 d5 3. Nd2 b6 4. Ngf3 Bb7 5.
g3 dxe4 6. dxe4 Nf6 7. Bb5+ c6 8. Bd3 Ba6 9. Bxa6 Nxa6 10. O-O Be7 11. a3 O-O
12. Qe2 Nc5 13. b3 Qc7 14. Bb2 Rfd8 15. Be5 Qb7 16. Rfe1 Rac8 17. Rad1 Ncd7 18.
Bb2 c5 19. a4 Nb8 20. Ne5 Nc6 21. Nxc6 Qxc6 22. f3 h6 23. Nc4 Rxd1 24. Rxd1 Rd8
25. Rxd8+ Bxd8 26. Qd2 Be7 27. Ne5 Qc7 28. Kg2 Bd6 29. Nc4 Be7 30. Qc3 Qd8 31.
Ne5 Qd6 32. Qe3 Qc7 33. h3 Bd6 34. f4 Qb7 35. Kf3 Bxe5 36. Bxe5 Nd7 37. Bb2 f5
38. Qd3 Kf7 39. Ke3 Qxe4+ 40. Qxe4 fxe4 41. Kxe4 h5 42. Be5 g6 43. Bc7 Ke7 44.
Kd3 a6 45. Kc4 Kf6 46. c3 Kf5 47. b4 cxb4 48. cxb4 Ke4 49. b5 axb5+ 50. axb5
Kf3 51. Kd4 Kxg3 52. f5+ e5+ 53. Kd5 gxf5 54. Kd6 f4 55. Kxd7 e4 56. Bxb6 e3
57. Ba5 f3 58. b6 f2 59. b7 f1=Q 60. b8=Q+ Kxh3 61. Ke7 Qf3 62. Qc8+ Kg2 63.
Be1 Kf1 64. Qc1 e2 65. Bb4+ Kg2 66. Qg5+ Kh3 67. Be1 Qe4+ 68. Kf6 Qc6+ 69. Kg7
Qd7+ 70. Kh6 Qg4 71. Qxh5+ Qxh5+ 72. Kxh5 1/2-1/2

[Event "54smm A Naturns-Richter/Lask"]
[Site "?"]
[Date "2022.11.05"]
[Round "1.6"]
[White "Naegele, Raimund"]
[Black "Kowalczyk, Martin"]
[Result "0-1"]
[WhiteElo "1664"]
[BlackElo "1782"]
[PlyCount "48"]
[EventDate "2022.11.05"]

{[%evp 0,48,29,29,29,27,38,14,2,8,20,-16,16,-11,42,26,41,31,40,30,25,20,23,-19,
-16,4,-1,-137,-24,-21,-7,-91,-94,-176,-113,-119,-108,-1 15,-65,-68,-79,-128,
-127,-142,-111,-128,-104,-108,-122,-165,-160]} 1. d4 Nf6 2. Nf3 g6 3. e3 Bg7 4.
Bd3 d5 5. Nbd2 O-O 6. O-O b6 7. e4 dxe4 8. Nxe4 Bb7 9. Qe2 Nbd7 10. c3 Re8 11.
Bf4 Nd5 12. Bg3 e5 13. Qd2 exd4 14. Nxd4 Ne5 15. Bxe5 Bxe5 16. Rad1 Nf4 17.
Rfe1 Nxd3 18. Qxd3 Bxh2+ 19. Kxh2 Qh4+ 20. Kg1 Bxe4 21. Qb5 c6 22. Qc4 Bd5 23.
Qd3 Qg4 24. Qf1 c5 0-1

[Event "54smm B Groeden3-Groeden2"]
[Site "?"]
[Date "2022.11.05"]
[Round "1.1"]
[White "Casadio, Lorenzo"]
[Black "Demetz, Guenther"]
[Result "1-0"]
[WhiteElo "1828"]
[BlackElo "1192"]
[PlyCount "67"]
[EventDate "2022.11.05"]

{[%evp 0,67,28,31,20,-16,78,51,87,55,55,64,79,27,81,67,77,92,91,95,77,68,138,
83,131,121,128,125,131,89,127,83,90,101,116,64,68,67,125, 116,200,192,188,196,
186,198,253,252,209,238,236,238,222,215,217,165,232,167,491,515,497,471,532,
589,589,539,604,610,29999,-3000 0]} 1. Nf3 d5 2. c4 Bg4 3. Qb3 dxc4 4. Qxb7 Nd7
5. Qc6 Ngf6 6. Qxc4 g6 7. d4 Bg7 8. Nc3 O-O 9. e4 Nb6 10. Qd3 c6 11. Be2 Qc7
12. O-O Rfd8 13. Rd1 Nh5 14. Be3 Nf4 15. Qd2 Nxe2+ 16. Qxe2 Rd7 17. Rd2 Rad8
18. Rad1 Nc8 19. Na4 e6 20. Nc5 Re7 21. h3 Bxf3 22. Qxf3 Nd6 23. Bg5 f6 24.
Bxf6 Rf8 25. e5 Ne8 26. Ne4 Ref7 27. Ng5 Bxf6 28. Nxf7 Bxe5 29. dxe5 Rxf7 30.
Qe3 Ng7 31. Rd8+ Rf8 32. R8d7 Qb6 33. Qh6 Qxf2+ 34. Kh1 1-0

[Event "54smm B Groeden3-Groeden2"]
[Site "?"]
[Date "2022.11.05"]
[Round "1.2"]
[White "Perathoner, Christine"]
[Black "Knottner, Klaus"]
[Result "0-1"]
[WhiteElo "1269"]
[BlackElo "1642"]
[PlyCount "54"]
[EventDate "2022.11.05"]

{[%evp 0,54,19,28,41,28,28,18,18,-4,57,42,39,42,42,28,19,25,12,23,18,-52,0,0,
50,-200,-187,-500,-369,-379,-371,-373,-327,-364,-354,-336 ,-332,-326,-326,-346,
-344,-399,-402,-409,-360,-411,-396,-401,-396,-459,-459,-870,-876,-1063,-1083,
-1602,-1602]} 1. e4 e5 2. Nf3 Nc6 3. d4 exd4 4. Nxd4 d6 5. Bb5 Bd7 6. Nc3 Nf6
7. Bg5 Be7 8. O-O O-O 9. Re1 a6 10. Bc4 Ne5 11. Bb3 b5 12. Qd2 c5 13. Bd5 Nxd5
14. Bxe7 Nxe7 15. Nde2 Qc7 16. Rad1 Nc4 17. Qg5 Rfe8 18. b3 Ne5 19. Qg3 b4 20.
Nd5 Nxd5 21. exd5 Bf5 22. Rc1 Qd7 23. Nf4 Ng6 24. Rf1 Re4 25. f3 Nxf4 26. Qf2
Re2 27. Qg3 Rxg2+ 0-1

[Event "54smm B Kaltern/Tramin2-Steinegg"]
[Site "?"]
[Date "2022.11.05"]
[Round "1.1"]
[White "Engl, Stefan"]
[Black "Bertagnolli, Gerhard"]
[Result "1/2-1/2"]
[WhiteElo "1980"]
[BlackElo "1855"]
[PlyCount "118"]
[EventDate "2022.11.05"]

{[%evp 0,118,14,11,44,57,56,30,24,3,69,56,57,46,62,63,55,46,47,29,24,23,32,15,
4,2,31,42,63,13,53,36,43,21,14,-5,32,10,37,-13,25,-7,15, -15,8,-11,-4,-17,-24,
-36,-34,-38,-22,-21,-18,-28,-5,-40,-25,-15,-25,-10,-6,-12,-13,-13,2,-12,-1,-22,
-10,-3,0,0,0,0,0,-7,0,1,9,7 ,22,0,7,1,12,13,9,12,25,21,14,14,15,31,22,38,43,0,
53,17,15,20,53,20,27,16,78,18,131,49,37,12,22,5,43,38,56,59,56]} 1. e4 c5 2.
Nc3 e6 3. f4 a6 4. g3 Qc7 5. Bg2 d6 6. Nf3 Nc6 7. O-O Nf6 8. d3 Be7 9. h3 O-O
10. g4 Rd8 11. Ne2 d5 12. e5 Ne8 13. c3 g6 14. Ng3 Ng7 15. Qe2 Bd7 16. h4 f5
17. gxf5 Nxf5 18. Nxf5 gxf5 19. Kh1 Kh8 20. Be3 Rg8 21. Rg1 Rg7 22. Bh3 Rag8
23. Rxg7 Rxg7 24. Rg1 Rxg1+ 25. Bxg1 Qd8 26. Ng5 Qe8 27. Qg2 Nd8 28. Qg3 Qg8
29. Kh2 h6 30. Nf3 Qxg3+ 31. Kxg3 Kg7 32. Nd2 b6 33. Bf1 Nc6 34. Nb3 Kg6 35.
Be2 Be8 36. Bf2 Kf7 37. Bf3 Nb8 38. Na1 Bb5 39. Be2 Kf8 40. Nc2 Bc6 41. Ne1 Bd7
42. Kf3 Bc6 43. Ke3 Be8 44. Kd2 Bc6 45. Nc2 Be8 46. b4 Ba4 47. bxc5 bxc5 48.
Na1 Nd7 49. Bf3 Ke8 50. c4 d4 51. Nb3 Bd8 52. Kc2 Ba5 53. Kb2 Bb6 54. Bb7 a5
55. Kc1 Kd8 56. Kd2 Kc7 57. Bf3 Kd8 58. Ke2 Ke7 59. h5 Ke8 1/2-1/2

[Event "54smm B Kaltern/Tramin2-Steinegg"]
[Site "?"]
[Date "2022.11.05"]
[Round "1.2"]
[White "Thaler, Elmar"]
[Black "Engl, Alexander"]
[Result "1-0"]
[WhiteElo "1763"]
[BlackElo "1850"]
[PlyCount "101"]
[EventDate "2022.11.05"]

1. d4 e6 2. Nf3 f5 3. c4 Nf6 4. Nc3 Bb4 5. a3 Bxc3+ 6. bxc3 O-O 7. g3 b6 8. Bg2
Bb7 9. O-O Qe7 10. Re1 Ne4 11. Qc2 Nc6 12. Nd2 Nxd2 13. Bxd2 Na5 14. Bxb7 Nxb7
15. e4 fxe4 16. Rxe4 Nd6 17. Rh4 Rf5 18. Re1 Raf8 19. Rf4 Ra5 20. d5 e5 21. Bc1
Rxf4 22. gxf4 Nxc4 23. Qb3 b5 24. Rxe5 Qh4 25. Rg5 h6 26. Rg3 Qe7 27. Re3 Qf7
28. Rd3 Qg6+ 29. Rg3 Qe4 30. Qd1 Nd6 31. Bb2 Nf5 32. Rg4 h5 33. Rg5 Nh4 34. Rg3
Nf5 35. Rg5 h4 36. Qg4 Qe1+ 37. Kg2 h3+ 38. Qxh3 Qe4+ 39. Kf1 Qh1+ 40. Ke2 Nd6
41. Qxd7 Qe4+ 42. Kf1 Qb1+ 43. Kg2 Qe4+ 44. Kh3 Qf3+ 45. Rg3 Qh5+ 46. Kg2 Qxd5+
47. f3 Qf7 48. Qd8+ Qf8 49. Qxc7 Ra4 50. c4 Nf5 51. cxb5 1-0

[Event "54smm B Kaltern/Tramin2-Steinegg"]
[Site "?"]
[Date "2022.11.05"]
[Round "1.3"]
[White "Lantschner, Carmen"]
[Black "Unterkofler, Alex"]
[Result "0-1"]
[WhiteElo "1648"]
[BlackElo "1741"]
[PlyCount "72"]
[EventDate "2022.11.05"]

{[%evp 0,72,14,20,45,41,88,105,72,92,67,53,50,-21,-19,-49,-45,-36,-34,-68,-61,
-61,-50,-49,-33,-36,5,-4,20,2,2,-5,-7,-59,-73,-49,-40,-6 2,-57,-56,-61,-94,-94,
-176,-176,-189,-210,-210,-210,-210,-216,-216,-215,-216,-212,-255,-266,-276,
-276,-350,-283,-342,-336,-336, -336,-349,-392,-712,-721,-1303,-1280,-1324,
-1377,-1589,-2064]} 1. e4 c5 2. Nf3 g6 3. d4 cxd4 4. Nxd4 Bg7 5. Bc4 Nc6 6. c3
Nf6 7. Bd3 O-O 8. O-O d5 9. exd5 Nxd4 10. cxd4 Nxd5 11. Be4 e6 12. Nc3 Nxc3 13.
bxc3 Qc7 14. Qb3 Rb8 15. Rb1 b6 16. Bb2 Ba6 17. Rfd1 Bc4 18. Qa4 b5 19. Qa3
Rfc8 20. Ba1 Qf4 21. Bf3 Bf8 22. Qc1 Qxc1 23. Rbxc1 Bxa2 24. Bb2 Bb3 25. Re1 a5
26. Ra1 a4 27. Be2 b4 28. cxb4 Bxb4 29. Rec1 Rxc1+ 30. Rxc1 a3 31. Ba1 a2 32.
h3 Bd2 33. Rc5 Ba4 34. Bd3 Rb1+ 35. Kh2 Rxa1 36. Bc4 Rh1+ 0-1

[Event "54smm B Kaltern/Tramin2-Steinegg"]
[Site "?"]
[Date "2022.11.05"]
[Round "1.4"]
[White "Sanin, Wilfried"]
[Black "Schgaguler, Guenther"]
[Result "1/2-1/2"]
[WhiteElo "1441"]
[BlackElo "1505"]
[PlyCount "77"]
[EventDate "2022.11.05"]

1. d4 e6 2. Bf4 f5 3. e3 Nf6 4. h3 b6 5. Be2 Bb7 6. Bf3 Nc6 7. c3 Be7 8. Nd2
O-O 9. Ne2 d5 10. Ng3 a5 11. a3 Ba6 12. Be2 Bxe2 13. Qxe2 Bd6 14. Nh5 Nxh5 15.
Qxh5 Nb8 16. Qe2 Qe7 17. Nf3 Nd7 18. O-O Kh8 19. Ng5 Nf6 20. Nf3 Nd7 21. Ne5
Bxe5 22. Bxe5 Nxe5 23. dxe5 g5 24. f4 Qg7 25. Kh2 Qh6 26. g3 gxf4 27. exf4 Rg8
28. Rf3 Qh5 29. Qe3 Rg6 30. Rg1 Rh6 31. h4 Rg8 32. Rg2 Qg4 33. Qf2 Qg7 34. Rd3
Qg6 35. Qf3 Qg7 36. Re3 Qd7 37. Rd3 Qb5 38. Rdd2 Qe8 39. Rdf2 1/2-1/2

[Event "54smm B Kaltern/Tramin2-Steinegg"]
[Site "?"]
[Date "2022.11.05"]
[Round "1.5"]
[White "Lantschner, Arnold"]
[Black "Baric, Andrej"]
[Result "0-1"]
[WhiteElo "1352"]
[BlackElo "1686"]
[PlyCount "66"]
[EventDate "2022.11.05"]

{[%evp 0,66,14,41,81,63,57,58,56,39,42,-2,27,17,12,9,-6,-8,4,-7,-32,-45,-56,
-47,26,21,18,15,10,8,8,-25,34,-15,63,59,89,66,105,85,180,- 10,-59,-70,-55,-57,
7,-104,-90,-119,-39,-159,-146,-146,-155,-153,-143,-188,-151,-180,-47,-275,-168,
-617,-734,-1228,-1768,-29997, -29998]} 1. e4 c6 2. Nc3 d5 3. exd5 cxd5 4. Nf3
Nc6 5. Be2 Bg4 6. O-O e6 7. a3 Nf6 8. d4 Bd6 9. Re1 O-O 10. g3 Rc8 11. Be3 Ne4
12. Nxe4 dxe4 13. Nd2 Bxe2 14. Qxe2 f5 15. c3 Qe8 16. f4 g5 17. fxg5 Qg6 18.
Nc4 Be7 19. h4 h6 20. Qd2 b5 21. Ne5 Nxe5 22. dxe5 Rcd8 23. Qf2 hxg5 24. hxg5
Rd3 25. Kg2 Bxg5 26. Bxg5 Qxg5 27. Qf4 Qg7 28. Rad1 Rf3 29. Qh4 f4 30. g4 Rg3+
31. Qxg3 fxg3 32. Rxe4 Qf7 33. Rd3 Qf2+ 0-1

[Event "54smm B Merania2-Taufers"]
[Site "?"]
[Date "2022.11.05"]
[Round "1.1"]
[White "Holzer, Philipp"]
[Black "Klotzner, Matthias"]
[Result "1-0"]
[WhiteElo "1898"]
[BlackElo "1347"]
[PlyCount "76"]
[EventDate "2022.11.05"]

{[%evp 0,76,19,25,20,38,68,15,78,67,74,82,56,82,90,55,58,70,106,99,119,120,139,
126,153,135,126,127,140,136,153,100,102,114,133,135,140 ,91,110,95,105,96,118,
118,122,115,133,139,141,146,150,150,171,148,158,162,170,157,159,163,220,160,
168,221,252,271,277,308,311,3 11,426,327,339,327,340,333,367,347,392]} 1. e4 e5
2. Nf3 Nf6 3. Nxe5 Nc6 4. Nxc6 dxc6 5. d3 Bc5 6. Be2 h5 7. Be3 Bxe3 8. fxe3 Bg4
9. Nd2 Bxe2 10. Qxe2 Ng4 11. Nf3 Qf6 12. O-O-O O-O-O 13. Kb1 Ne5 14. Rdf1 Nxf3
15. Qxf3 Qxf3 16. gxf3 Rhe8 17. Rhg1 g6 18. d4 b6 19. Rg5 Rd7 20. c4 Kb7 21.
Kc2 Kc8 22. b4 Kb7 23. Kc3 Rd6 24. a4 Rd7 25. Ra1 Rd6 26. h4 Rd7 27. Kd3 Rd6
28. Rf1 Rd7 29. Rfg1 Rd6 30. R1g3 Rd7 31. f4 Rd6 32. f5 c5 33. bxc5 bxc5 34.
fxg6 cxd4 35. exd4 fxg6 36. Rxg6 Rd7 37. Rg7 Rd6 38. R3g6 Rdd8 1-0

[Event "54smm B Merania2-Taufers"]
[Site "?"]
[Date "2022.11.05"]
[Round "1.2"]
[White "Zappi, Adriano"]
[Black "Niederkofler, Andreas"]
[Result "0-1"]
[WhiteElo "1495"]
[BlackElo "1812"]
[PlyCount "88"]
[EventDate "2022.11.05"]

{[%evp 0,88,19,10,62,14,13,14,20,3,27,6,-7,-7,9,4,14,-39,-39,-38,-29,-41,-44,
-48,-43,-29,-14,-28,26,6,8,10,0,0,29,12,-11,-58,-62,-31,- 51,-111,-50,-23,-27,
-39,-1,-43,-30,-45,-24,-47,-49,-33,-45,-38,-54,-37,0,-53,-57,-58,-58,-57,-52,
-67,-62,-60,-56,-100,-103,-101 ,-100,-107,-103,-148,-145,-148,-186,-190,-192,
-200,-192,-280,-290,-337,-361,-361,-386,-386,-386]} 1. Nf3 c5 2. d3 Nf6 3. Bf4
d5 4. e3 Qb6 5. Qc1 Nc6 6. h3 g6 7. Nbd2 Bg7 8. Rb1 O-O 9. Be2 Re8 10. O-O e5
11. Bg3 Bd7 12. Re1 Qc7 13. c4 d4 14. exd4 cxd4 15. b4 Nh5 16. Bh2 Nf4 17. b5
Nd8 18. Bf1 Nde6 19. Ne4 f5 20. Ned2 Nc5 21. Bxf4 exf4 22. Nb3 Nxb3 23. Rxb3
Rxe1 24. Qxe1 Re8 25. Qd2 h6 26. Rb1 g5 27. Re1 Qd8 28. Rxe8+ Qxe8 29. Qe1 Qxe1
30. Nxe1 Kf7 31. Nc2 Kg6 32. f3 h5 33. Be2 g4 34. fxg4 fxg4 35. hxg4 hxg4 36.
Kf2 Kg5 37. g3 f3 38. Bf1 Kf5 39. Nb4 Ke5 40. a4 Kd6 41. a5 Kc5 42. Nd5 Bxb5
43. Nc7 Bd7 44. Nd5 Be6 0-1

[Event "54smm B Merania2-Taufers"]
[Site "?"]
[Date "2022.11.05"]
[Round "1.3"]
[White "Forer, Erich"]
[Black "Maestri, Alessandro"]
[Result "1-0"]
[WhiteElo "1808"]
[BlackElo "1528"]
[PlyCount "38"]
[EventDate "2022.11.05"]

{[%evp 0,38,25,19,29,5,16,27,25,31,47,44,34,40,32,29,38,-19,-4,-15,-22,-225,
-25,-212,-11,9,10,21,198,189,208,201,193,0,850,1072,1410,2 9976,29977,29978,
29997]} 1. d4 Nf6 2. Bf4 d5 3. e3 e6 4. Nf3 Nbd7 5. Nbd2 Be7 6. Bd3 b6 7. Ne5
Nxe5 8. dxe5 Nd7 9. c3 Bb7 10. Qg4 g6 11. Rd1 O-O 12. Nf3 c5 13. h4 Re8 14. h5
Nf8 15. hxg6 fxg6 16. Rxh7 Kxh7 17. Bxg6+ Nxg6 18. Qh5+ Kg7 19. Qh6+ Kf7 1-0

[Event "54smm B Merania2-Taufers"]
[Site "?"]
[Date "2022.11.05"]
[Round "1.5"]
[White "Stivaletta, Andrea"]
[Black "Goetsch, Thomas"]
[Result "1-0"]
[WhiteElo "1644"]
[BlackElo "1206"]
[PlyCount "41"]
[EventDate "2022.11.05"]

{[%evp 0,41,20,38,27,26,52,8,-4,12,14,36,12,-8,1,2,2,-12,18,16,25,5,5,2,36,-20,
-20,-26,145,143,139,73,144,110,132,133,419,418,911,935, 935,946,978,642]} 1. e4
e5 2. Nf3 Nf6 3. Nc3 Nc6 4. Bb5 Bc5 5. O-O d6 6. d4 exd4 7. Nxd4 Bd7 8. Nxc6
Bxc6 9. Bxc6+ bxc6 10. Qf3 O-O 11. Bg5 h6 12. Bh4 g5 13. Bg3 d5 14. exd5 cxd5
15. Be5 Be7 16. Nb5 c6 17. Nd4 Rc8 18. Nf5 Ne4 19. Nxh6+ Kh7 20. Qh5 Nf6 21.
Qxg5 1-0

[Event "54smm B Naturns2-Richter/Lask2"]
[Site "?"]
[Date "2022.11.05"]
[Round "1.1"]
[White "Unterweger, Jonas"]
[Black "Gurschler, Markus"]
[Result "0-1"]
[WhiteElo "1642"]
[BlackElo "1555"]
[PlyCount "132"]
[EventDate "2022.11.05"]

1. d4 Nf6 2. c4 c5 3. d5 e6 4. Nc3 exd5 5. cxd5 d6 6. e4 a6 7. a4 Bg4 8. Be2
Bxe2 9. Qxe2 Nbd7 10. f4 Nb6 11. a5 Nc8 12. Nf3 Be7 13. O-O O-O 14. Rd1 h6 15.
e5 Nh7 16. Be3 Re8 17. Ne4 f5 18. Nxc5 dxc5 19. d6 Bxd6 20. exd6 Nxd6 21. Qf2
Qc7 22. Rd5 Nf6 23. Rxc5 Qf7 24. Ne5 Qb3 25. Ra3 Qe6 26. Qc2 Nfe4 27. Rc7 Nb5
28. Rxb7 Nxa3 29. Qc7 Qf6 30. Rb6 Qe7 31. Qxe7 Rxe7 32. bxa3 Ree8 33. Kf1 Rec8
34. Nc6 Re8 35. Ke2 Nc3+ 36. Kd2 Nd5 37. Rb3 Nxe3 38. Rxe3 Rxe3 39. Kxe3 Kf7
40. Kd4 Ke6 41. Kc5 Rc8 42. Kb6 Kd6 43. Nd4 g6 44. Kxa6 Rb8 45. Ka7 Rb2 46. a6
Kc7 47. a4 Rd2 48. Ne6+ Kc8 49. Nc5 Rd6 50. Nb7 Rf6 51. Na5 g5 52. fxg5 hxg5
53. Nc4 Kc7 54. Na3 Rf7 55. Nc4 Re7 56. Na3 Kc6+ 57. Kb8 Kb6 58. Nc4+ Kxa6 59.
Kc8 Re2 60. Kd7 Rxg2 61. Ke6 f4 62. Kf5 f3 63. Ne3 Rg1 64. h3 f2 65. Kg6 Rg3
66. Nf1 Rxh3 0-1

[Event "54smm B Naturns2-Richter/Lask2"]
[Site "?"]
[Date "2022.11.05"]
[Round "1.2"]
[White "Zoeschg, Herbert"]
[Black "Gruber, Martin"]
[Result "1-0"]
[WhiteElo "1557"]
[BlackElo "1663"]
[PlyCount "161"]
[EventDate "2022.11.05"]

1. d4 d6 2. Bf4 Nf6 3. e3 Nbd7 4. Nf3 Nb6 5. h3 Bf5 6. Nbd2 e6 7. Nh4 Be4 8.
Nxe4 Nxe4 9. Nf3 Be7 10. Bd3 Nf6 11. c3 O-O 12. O-O h6 13. e4 Re8 14. Nh2 Nfd7
15. Bc2 Bg5 16. Bg3 e5 17. Qd3 Bf6 18. Ng4 Nf8 19. Nxf6+ Qxf6 20. f4 exd4 21.
cxd4 Qe6 22. f5 Qc4 23. Qd2 Rad8 24. Rf3 Qb5 25. Rb3 Qd7 26. Qd3 c5 27. Rc3
cxd4 28. Qxd4 Rc8 29. Rd1 Rxc3 30. Qxc3 Rc8 31. Qd3 Nc4 32. Qb3 Qc6 33. Bf2 Na5
34. Qc3 Qxc3 35. bxc3 Rxc3 36. Bd3 b6 37. Be1 Ra3 38. Bxa5 Rxa5 39. Bc4 Ra4 40.
Bd5 Nh7 41. Rc1 Ng5 42. Rc8+ Kh7 43. Re8 Ra5 44. h4 Nxe4 45. Bxf7 Rxf5 46. Bg8+
Kg6 47. Rxe4 h5 48. Ra4 a5 49. Rd4 Rf6 50. Bc4 Kh6 51. Re4 g5 52. Re6 Rxe6 53.
hxg5+ Kxg5 54. Bxe6 h4 55. Kf2 Kf4 56. a4 Ke4 57. Ke2 d5 58. Kd2 Kd4 59. Bd7
Ke4 60. Bc6 Kd4 61. Be8 Ke4 62. Bg6+ Kd4 63. Bd3 Kc5 64. Kc3 d4+ 65. Kb3 Kd5
66. Bc4+ Ke4 67. Kc2 Ke3 68. Bd3 Kf2 69. Be4 Ke3 70. Bg6 Kf2 71. Kd3 Kxg2 72.
Kxd4 h3 73. Kc4 Kf3 74. Be8 Ke4 75. Bc6+ Ke5 76. Kb5 Kd6 77. Kxb6 h2 78. Bh1
Kd7 79. Kxa5 Kc8 80. Kb6 Kb8 81. a5 1-0

[Event "54smm B Naturns2-Richter/Lask2"]
[Site "?"]
[Date "2022.11.05"]
[Round "1.3"]
[White "Pardeller, Arthur"]
[Black "Wielander, Wolfgang"]
[Result "1/2-1/2"]
[WhiteElo "1534"]
[BlackElo "1529"]
[PlyCount "49"]
[EventDate "2022.11.05"]

{[%evp 0,49,27,27,22,-9,-6,-2,24,14,14,20,20,9,27,20,22,0,11,-18,13,-35,-32,
-33,-47,-48,-10,7,-7,8,4,5,5,0,0,-5,29,25,50,49,54,55,64,6 4,76,61,73,70,73,76,
89,45]} 1. d4 Nf6 2. c4 e6 3. Nc3 d5 4. e3 Be7 5. Nf3 O-O 6. Bd3 a6 7. O-O dxc4
8. Bxc4 b5 9. Be2 Bb7 10. Ne5 Nbd7 11. Nxd7 Qxd7 12. Bf3 Rab8 13. a3 Rfd8 14.
b4 Ne8 15. Bxb7 Rxb7 16. Qf3 Nd6 17. Ne4 Nxe4 18. Qxe4 Qd5 19. Qxd5 Rxd5 20.
Bb2 Ra7 21. Rfc1 Rd8 22. Bc3 f6 23. f4 Bd6 24. Rc2 Re8 25. Rd1 1/2-1/2

[Event "54smm B Naturns2-Richter/Lask2"]
[Site "?"]
[Date "2022.11.05"]
[Round "1.5"]
[White "Unterweger, Christian"]
[Black "Amort, Thomas"]
[Result "1/2-1/2"]
[WhiteElo "1204"]
[BlackElo "1419"]
[PlyCount "56"]
[EventDate "2022.11.05"]

1. d4 d5 2. Nf3 c6 3. e3 Bg4 4. c4 e6 5. h3 Bh5 6. g4 Bg6 7. Ne5 Bxb1 8. Rxb1
Bb4+ 9. Bd2 Qa5 10. a3 Bxd2+ 11. Qxd2 Qxd2+ 12. Kxd2 Nf6 13. f3 Nbd7 14. Nxd7
Nxd7 15. c5 O-O 16. Bd3 e5 17. g5 f6 18. Bf5 Rad8 19. g6 h6 20. b4 a6 21. a4 b5
22. axb5 axb5 23. Ra1 Rfe8 24. Ra7 Nf8 25. Rha1 exd4 26. exd4 Ne6 27. Bxe6+
Rxe6 28. R1a6 Rde8 1/2-1/2

[Event "54smm B Ridnaun-Arci2"]
[Site "?"]
[Date "2022.11.05"]
[Round "1.3"]
[White "Hulinskyy, Viktor"]
[Black "Sparber, Werner"]
[Result "0-1"]
[WhiteElo "1571"]
[BlackElo "1580"]
[PlyCount "86"]
[EventDate "2022.11.05"]

1. d4 d5 2. c4 e6 3. Nc3 Nf6 4. cxd5 exd5 5. Bg5 Be7 6. Qc2 c6 7. e3 h6 8. Bh4
O-O 9. Bd3 Re8 10. Nge2 Nbd7 11. O-O b6 12. f3 Bb7 13. e4 dxe4 14. fxe4 Ng4 15.
Bxe7 Qxe7 16. Rf3 c5 17. Rg3 cxd4 18. Nxd4 Nde5 19. Be2 Qc5 20. Ncb5 Qxc2 21.
Nxc2 Nf6 22. Nd6 Reb8 23. Nxb7 Rxb7 24. Rf1 Kf8 25. Rf5 Nfd7 26. Nd4 g6 27. Rf1
Ke7 28. Rc3 a6 29. Bd1 Nc5 30. Bc2 Rd8 31. Nf3 Ned3 32. Rd1 Rbd7 33. b3 Nb4 34.
Rxd7+ Rxd7 35. a3 Nxc2 36. Rxc2 Nxb3 37. Rc6 Rd6 38. Rc7+ Kf8 39. Ne5 Nc5 40.
Rxf7+ Ke8 41. Ra7 Nxe4 42. Kf1 Nc5 43. Nf7 Rf6+ 0-1

[Event "54smm C Naturns3-Richter/Lask3"]
[Site "?"]
[Date "2022.11.05"]
[Round "1.2"]
[White "Gitterle, Leon"]
[Black "Cauvin, Mauro"]
[Result "1-0"]
[WhiteElo "1111"]
[BlackElo "1140"]
[PlyCount "55"]
[EventDate "2022.11.05"]

{[%evp 0,55,22,22,22,24,34,32,38,41,53,49,62,61,67,47,51,47,72,71,66,44,44,50,
55,50,28,5,66,43,72,78,397,397,404,407,412,414,622,601,6 30,629,685,675,687,
713,932,946,957,964,979,987,984,965,979,993,1013,1022]} 1. d4 d5 2. c4 dxc4 3.
e3 Nf6 4. Bxc4 e6 5. Nf3 Bb4+ 6. Bd2 Bxd2+ 7. Nbxd2 O-O 8. O-O Nc6 9. a3 b6 10.
b4 a5 11. b5 Ne7 12. Ne5 Bb7 13. Qa4 Qe8 14. Rac1 c6 15. bxc6 Nxc6 16. Bb5 Rc8
17. Nxc6 Bxc6 18. Bxc6 Rxc6 19. Qxc6 Qxc6 20. Rxc6 Nd7 21. Rd6 Rd8 22. Nc4 b5
23. Ne5 Kf8 24. Rxd7 Rxd7 25. Nxd7+ Ke7 26. Nc5 b4 27. axb4 axb4 28. Rb1 1-0

[Event "54smm A Arci-Deutschnofen"]
[Site "?"]
[Date "2022.11.19"]
[Round "2.1"]
[White "Zamengo, Fulvio"]
[Black "Olivetti, Davide"]
[Result "1-0"]
[WhiteElo "2330"]
[BlackElo "2064"]
[PlyCount "81"]
[EventDate "2022.11.19"]

1. e4 c5 2. Nf3 e6 3. d4 cxd4 4. Nxd4 Nc6 5. Nc3 Nf6 6. Nxc6 bxc6 7. e5 Nd5 8.
Ne4 Qc7 9. f4 Rb8 10. a3 Qa5+ 11. c3 c5 12. Bd3 Ba6 13. O-O c4 14. Bc2 g6 15.
Kh1 Be7 16. Rb1 O-O 17. Rf3 f5 18. exf6 Bxf6 19. f5 exf5 20. Nxf6+ Nxf6 21. Bh6
Rf7 22. b4 Qd5 23. Be3 Bb7 24. Qxd5 Bxd5 25. Rf4 Re8 26. Bxa7 Rfe7 27. Kg1 Re2
28. Rf2 Ng4 29. Bd1 Re1+ 30. Rf1 Rxf1+ 31. Kxf1 Nxh2+ 32. Kg1 Ng4 33. Bf3 Bxf3
34. gxf3 Ne5 35. b5 Nxf3+ 36. Kg2 Nd2 37. Rb4 f4 38. b6 Re2+ 39. Kh3 Nf1 40. b7
h5 41. b8=Q+ 1-0

[Event "54smm A Arci-Deutschnofen"]
[Site "?"]
[Date "2022.11.19"]
[Round "2.2"]
[White "De Vita, Gianni"]
[Black "Micheli, Carlo"]
[Result "0-1"]
[WhiteElo "1959"]
[BlackElo "2202"]
[PlyCount "50"]
[EventDate "2022.11.19"]

1. e4 c5 2. Nf3 d6 3. Bb5+ Nc6 4. O-O Bd7 5. Nc3 e6 6. Re1 Nf6 7. d4 cxd4 8.
Nxd4 Be7 9. Be3 O-O 10. h3 Qc7 11. Qd2 a6 12. Bf1 b5 13. Nxc6 Bxc6 14. f3 b4
15. Ne2 d5 16. exd5 Nxd5 17. Bf2 Rfd8 18. Nd4 Bb7 19. Rad1 h6 20. Qe2 Nf4 21.
Qc4 Bc5 22. Nb3 Nxh3+ 23. gxh3 Qg3+ 24. Bg2 Bxf2+ 25. Kf1 Bxe1 0-1

[Event "54smm A Arci-Deutschnofen"]
[Site "?"]
[Date "2022.11.19"]
[Round "2.3"]
[White "Gennari, Jacopo"]
[Black "Zammarchi, Massimo"]
[Result "1-0"]
[WhiteElo "2113"]
[BlackElo "1936"]
[PlyCount "39"]
[EventDate "2022.11.19"]

1. d4 f5 2. Bg5 g6 3. e3 Bg7 4. Bc4 c6 5. Bxg8 Rxg8 6. c4 Qb6 7. Qe2 h6 8. Bh4
g5 9. Bg3 f4 10. exf4 Qxd4 11. Nc3 g4 12. Rd1 Qb6 13. Bh4 Bxc3+ 14. bxc3 Qc5
15. f5 Kf8 16. h3 h5 17. hxg4 hxg4 18. f6 exf6 19. Bxf6 d5 20. Rh7 1-0

[Event "54smm A Arci-Deutschnofen"]
[Site "?"]
[Date "2022.11.19"]
[Round "2.4"]
[White "Perino, Alberto"]
[Black "Thurner, Markus"]
[Result "1-0"]
[WhiteElo "1895"]
[BlackElo "1891"]
[PlyCount "65"]
[EventDate "2022.11.19"]

1. e4 e6 2. d4 d5 3. Nc3 Nf6 4. e5 Nfd7 5. f4 c5 6. Nf3 Nc6 7. Be3 a6 8. Qd2 b5
9. dxc5 Bxc5 10. h4 Qb6 11. Bf2 Bb7 12. h5 h6 13. Bd3 Bxf2+ 14. Qxf2 Qxf2+ 15.
Kxf2 Rc8 16. Rhg1 Nc5 17. Ke3 Ke7 18. g4 Rhd8 19. Nd4 Nxd4 20. Kxd4 b4 21. Nd1
Nxd3 22. cxd3 Rc2 23. Rb1 Rdc8 24. Ne3 Rf2 25. Rgf1 Rxf1 26. Rxf1 a5 27. g5 Rg8
28. Rc1 Kd7 29. Ng4 hxg5 30. fxg5 Rh8 31. h6 gxh6 32. gxh6 Kd8 33. Rh1 1-0